Statistics for Countries of the Seleucid Empire

Click here to take the quiz!

General Stats

  • This quiz has been taken 343 times
  • The average score is 17 of 18

Answer Stats

%Country% Correct
100Iran
100%
~71Iraq
99%
~55Turkey
98%
~43Pakistan
97%
~40Israel
96%
~85Syria
96%
~92Afghanistan
95%
100Armenia
95%
~20Azerbaijan
95%
~10Georgia
93%
~50Turkmenistan
93%
~6Jordan
92%
~65Lebanon
92%
~25Uzbekistan
92%
~7Kuwait
91%
~50Tajikistan
90%
~1Kazakhstan
88%
~4Kyrgyzstan
88%

Score Distribution

Percentile by Number Answered

Percent of People with Each Score

Your Score History

You have not taken this quiz